[Event "Lezajsk Merlin Blitz 1st"]
[Site "Lezajsk"]
[Date "2021.08.10"]
[Round "4"]
[White "Rozanski, Mateusz"]
[Black "Buba, Piotr"]
[Result "1/2-1/2"]
[WhiteElo "1639"]
[BlackElo "1533"]
[PlyCount "168"]
[EventDate "2021.08.10"]
[EventType "swiss (blitz)"]
[EventRounds "9"]
[EventCountry "POL"]
[SourceTitle "CBM 203 Extra"]
[Source "ChessBase"]
[SourceDate "2021.09.30"]
[SourceVersion "1"]
[SourceVersionDate "2021.09.30"]
[SourceQuality "1"]

1. e4 e6 2. Nf3 d5 3. Nc3 dxe4 4. Nxe4 Nf6 5. Nxf6+ Qxf6 6. d4 Nc6 7. Bb5 Bd7 8. Bd3 Nxd4 9. Nxd4 Qxd4 10. 0-0 Qb6 11. Be3 Bc5 12. Bxc5 Qxc5 13. Qg4 0-0-0 14. a4 a6 15. Qe4 Bc6 16. Qf4 f6 17. b4 Qd5 18. Qg3 h5 19. b5 h4 20. Qh3 axb5 21. axb5 Bxb5 22. Bxb5 Qxb5 23. Qxe6+ Kb8 24. Qa2 Qa6 25. Qxa6 bxa6 26. Rxa6 Kb7 27. Ra3 Ra8 28. Rb1+ Kc6 29. Rc3+ Kd6 30. Rd1+ Ke6 31. Rc6+ Kf5 32. h3 Rhd8 33. Rxd8 Rxd8 34. Rxc7 g5 35. c4 Rd1+ 36. Kh2 Rd2 37. f3 Rc2 38. c5 Ke5 39. Rc8 Kd5 40. Rd8+ Ke6 41. Rc8 Kd7 42. Rf8 Ke7 43. Rc8 Kd7 44. Ra8 Rxc5 45. Kg1 Ke6 46. Ra6+ Kf5 47. Ra4 Rc1+ 48. Kh2 Kg6 49. f4 Rc2 50. Kg1 Kf5 51. fxg5 fxg5 52. Kf1 Rb2 53. Rd4 Rb1+ 54. Kf2 Rb2+ 55. Kf3 Rb3+ 56. Kf2 Rg3 57. Rd5+ Kf6 58. Rd6+ Ke5 59. Ra6 Kf5 60. Ra5+ Kg6 61. Re5 Kf6 62. Re4 Ra3 63. Re2 Rg3 64. Rb2 Kg6 65. Rb5 Kf6 66. Rb6+ Kf5 67. Rb8 Ra3 68. Rf8+ Kg6 69. Re8 Ra2+ 70. Kf3 Ra1 71. Re2 Ra3+ 72. Ke4 Rg3 73. Rd2 Ra3 74. Rd6+ Kh5 75. Kf5 Ra5+ 76. Kf6 g4 77. Rd8 Ra6+ 78. Kf5 Ra5+ 79. Kf4 gxh3 80. Rh8+ Kg6 81. gxh3 Ra4+ 82. Kf3 Ra3+ 83. Kg4 Ra4+ 84. Kf3 Ra3+ 1/2-1/2